UM Logo

Siday: (Record no. 6659)

MARC details
000 -LEADER
fixed length control field 00656nam a22002057a 4500
008 - FIXED-LENGTH DATA ELEMENTS--GENERAL INFORMATION
fixed length control field 170424b xxu||||| |||| 00| 0 eng d
020 ## - INTERNATIONAL STANDARD BOOK NUMBER
International Standard Book Number 9715502148
082 ## - DEWEY DECIMAL CLASSIFICATION NUMBER
Edition number 1997
Classification number DFil 899.2111
Item number V71
100 ## - MAIN ENTRY--PERSONAL NAME
9 (RLIN) 20160
Personal name Villareal, Corazon
245 ## - TITLE STATEMENT
Title Siday:
Remainder of title mga tulang bayan ng Panay at Negros/
Statement of responsibility, etc. Corazon Villareal.
260 ## - PUBLICATION, DISTRIBUTION, ETC. (IMPRINT)
Place of publication, distribution, etc. Quezon City:
Name of publisher, distributor, etc. ADMU Press,
Date of publication, distribution, etc. c1997.
300 ## - PHYSICAL DESCRIPTION
Extent ix, 238 pages;
Dimensions 18 cm.
500 ## - GENERAL NOTE
General note Includes bibliographical references.
650 #0 - SUBJECT ADDED ENTRY--TOPICAL TERM
9 (RLIN) 20165
Topical term or geographic name as entry element Hiligaynon poetry.
650 #0 - SUBJECT ADDED ENTRY--TOPICAL TERM
9 (RLIN) 20166
Topical term or geographic name as entry element Kinaray-a poetry.
650 #0 - SUBJECT ADDED ENTRY--TOPICAL TERM
9 (RLIN) 20167
Topical term or geographic name as entry element Aklanon poetry.
650 #0 - SUBJECT ADDED ENTRY--TOPICAL TERM
9 (RLIN) 20168
Topical term or geographic name as entry element Filipino poetry.
365 ## - TRADE PRICE
Price amount 137.50
Currency code Php.
942 ## - ADDED ENTRY ELEMENTS (KOHA)
Source of classification or shelving scheme Dewey Decimal Classification
Koha item type Filipiniana
Holdings
Withdrawn status Lost status Source of classification or shelving scheme Damaged status Not for loan Collection code Home library Current library Date acquired Source of acquisition Total Checkouts Full call number Barcode Date last seen Cost, replacement price Price effective from Koha item type
    Dewey Decimal Classification     Filipiniana UM Digos College - LIC UM Digos College - LIC 10/28/2003 Purchased   DFil 899.2111 V71 1997 16291 05/15/2025 137.50 04/24/2017 Filipiniana